Science Quiz

Random Science or Clickable Quiz

APES 2016 Jalen Davis Chapter 17 Quiz Stats

 Plays Quiz not verified by Sporcle

Challenge
Share
Tweet
Embed
Score 0/15 Timer 20:00
0 Plays Today
% Correct
Carcinogen
100%
Epidemic
100%
Tuberculosis
100%
Risk Assessment
75%
Acute Studies
75%
Dose
75%
Toxic Chemical
75%
Teratogen
50%
% Correct
Emergent Infectious Disease
50%
Response
50%
malaria
50%
Neurotoxins
50%
Infectious Disease
25%
Mutagen
25%
Dose-Response Curve
25%

You're not logged in!

Compare scores with friends on all Sporcle quizzes.
Join for Free
OR
Log In

You Might Also Like...

Show Comments

Extras

Created Aug 25, 2016ReportNominate
Tags:Clickable Quiz, 2016, ape, chapter, davis

Top Quizzes Today


Score Distribution

Your Account Isn't Verified!

In order to create a playlist on Sporcle, you need to verify the email address you used during registration. Go to your Sporcle Settings to finish the process.

Report this User

Report this user for behavior that violates our Community Guidelines.

Details: